धुआं और चीखें / (Record no. 115169)

MARC details
000 -LEADER
fixed length control field 01173nam a22002777a 4500
003 - CONTROL NUMBER IDENTIFIER
control field dpl
005 - DATE AND TIME OF LATEST TRANSACTION
control field 20180615165457.0
008 - FIXED-LENGTH DATA ELEMENTS--GENERAL INFORMATION
fixed length control field 180615b xxu||||| |||| 00| 0 eng d
010 ## - LIBRARY OF CONGRESS CONTROL NUMBER
LC control number B-142169
020 ## - INTERNATIONAL STANDARD BOOK NUMBER
Terms of availability 190.00
International Standard Book Number 8126311061
035 ## - SYSTEM CONTROL NUMBER
System control number B-142169, B-142176
037 ## - SOURCE OF ACQUISITION
Source of stock number/acquisition Cen Lib/Ret
040 ## - CATALOGING SOURCE
Original cataloging agency DPL
Language of cataloging HN
Transcribing agency 0
082 ## - DEWEY DECIMAL CLASSIFICATION NUMBER
Classification number
Item number दीक्षित
100 ## - MAIN ENTRY--PERSONAL NAME
Personal name दीक्षित, दामोदर दत्त
9 (RLIN) 7439
245 ## - TITLE STATEMENT
Title धुआं और चीखें /
Statement of responsibility, etc दामोदर दत्त दीक्षित
246 ## - VARYING FORM OF TITLE
Title proper/short title Dhuan or cheekhen /
Remainder of title by Damodar Datt Dikshit
260 ## - PUBLICATION, DISTRIBUTION, ETC. (IMPRINT)
Place of publication, distribution, etc नयी दिल्ली
Name of publisher, distributor, etc भारतीय ज्ञानपीठ
Date of publication, distribution, etc 2006
270 ## - ADDRESS
Address 18, इंस्टीटूश्नल एरिया, लोदी रोड
City नयी दिल्ली
Postal code 11003203
300 ## - PHYSICAL DESCRIPTION
Extent 271पृ.
Dimensions 19सेमी(सजिल्द )
650 ## - SUBJECT ADDED ENTRY--TOPICAL TERM
Topical term or geographic name as entry element हिंदी साहित्य
General subdivision
Geographic subdivision
9 (RLIN) 60236
650 ## - SUBJECT ADDED ENTRY--TOPICAL TERM
Topical term or geographic name as entry element हिंदी उपन्यास
9 (RLIN) 60237
650 ## - SUBJECT ADDED ENTRY--TOPICAL TERM
Topical term or geographic name as entry element Hindi literature
Form subdivision
9 (RLIN) 60238
650 ## - SUBJECT ADDED ENTRY--TOPICAL TERM
Topical term or geographic name as entry element Hindi fiction
9 (RLIN) 27248
942 ## - ADDED ENTRY ELEMENTS (KOHA)
Source of classification or shelving scheme Dewey Decimal Classification
Koha item type Hindi Books
Classification part
Call number suffix दीक्षित
Holdings
Withdrawn status Lost status Damaged status Not for loan Home library Current library Date acquired Source of acquisition Cost, normal purchase price Total Checkouts Full call number Barcode Date last seen Copy number Cost, replacement price Price effective from Koha item type Source of classification or shelving scheme Collection code Date checked out Shelving location Total Renewals
        Central Library Central Library 19/08/2015 Cen Lib/Ref 190.00   उ दीक्षित B-142169 19/08/2015 1 190.00 19/08/2015 Hindi Books          
        Patel Nagar Patel Nagar 28/11/2018 BPPD/PUB 190.00 2 उ दीक्षित B-142173 20/06/2022   190.00 28/11/2018 Hindi Books Dewey Decimal Classification Fiction 13/06/2022 Fiction  
        Shahdara Branch Shahdara Branch 15/06/2018 BPPD/PUB 190.00 3 उ दीक्षित B-142176 15/11/2019   190.00 15/06/2018 Hindi Books Dewey Decimal Classification Fiction 13/11/2019    
        Yojana Vihar Yojana Vihar 23/07/2019 BPPD/PUB 190.00 1 उ दीक्षित B-142177 27/01/2025   190.00 23/07/2019 Hindi Books Dewey Decimal Classification Fiction 01/01/2025   1

© Delhi Public Library
Hit Counter
free hit counter